| 000 | 00854nam a2200205Ia 4500 | ||
|---|---|---|---|
| 003 | Ost | ||
| 005 | 20260507075132.0 | ||
| 008 | 260507s9999||||xx |||||||||||||| ||und|| | ||
| 040 | _cfsecg | ||
| 041 | _aara | ||
| 082 | _a330 | ||
| 100 |
_aمنصور، كاسر نصر _eمؤلف |
||
| 245 | 0 |
_aالأساليب الكمية في اتخاذ القرارات الإدارية / _c كاسر نصر منصور |
|
| 260 |
_aعمان: _bدار الحامد للنشر والتوزيع, _c2006 |
||
| 300 |
_a343 صفحة؛ _bإيضاحات ؛ _c24 سم |
||
| 520 | _aمدخل سلوكي في اتخاذ القرارات- الأسس الكمية لإتخاذ القرارات- البرمجة الخطية- التحليل الشبكي- نظرية المبارايات. | ||
| 653 | _aإتخاذ القرار | ||
| 653 | _aالإدارة | ||
| 942 | _cكتاب | ||
| 999 |
_c43228 _d43228 |
||